000 00736nam a22002055i 4500
001 152816
003 ES-MaACL
005 20250809063524.0
008 991103s1842 fr |||| | fre d
040 _aCAM
_bspa
_cCAM
100 1 _aBuchez, Philippe-Joseph-Benjamin,
_d1796-1865
_9126218
245 1 0 _aIntroduction a la science de l'histoire /
_cpar P.J.B. Buchez.
250 _a2e éd. rev., corr. et augm.
260 _aParis :
_bGuillaumin libraire-éditeur,
_c1842 (
_eSaint-Denis :
_fImprimerie de Prevot et Drouard)
300 _a2 v. (VIII, 503; 521 p.) ;
_c22 cm.
752 _aFrancia -
_dParís
752 _aFrancia -
_dSaint-Denis
852 _aES-MaACL
_jB-215-216
_z-- Enc. hol.
999 _c152816
_d152816